00342nam a2200133Ia 45000030006000000080041000060400015000471000015000622450083000772500010001602600009001705460012001790050017001910STCL150530s9999 xx 000 0 und d aSTCLcSTCL aPaul Ekins aEconomic growth and environmental sustainability the prospect for green growth aFirst c2000 aEnglish20220125165619.0